000 00720nam a22002297a 4500
999 _c15065
_d15065
003 AR-CdUCM
008 190425b ||||| |||| 00| 0 spa d
020 _a978-84-9825-938-4
040 _aMUNICIPALIDAD PROVINCIAL DEL CUSCO
_cBIBLIOTECA MUNICIPAL DEL CUSCO
082 _aPI / 376.1 /
_bC73
110 _aCombel
_932671
245 _a¿Jugamos a ser medicos? /
260 _aBarcelona :
_bCombel editores,
_c2014.
300 _bIlustraciones, graficos, piezas armables
_c35 cm.
500 _atexto educativo armable para niños
650 _aLibro de ayuda
_934077
650 _aTexto
_9816
650 _aArmables
_934078
856 _fwww.combeleditores.com
942 _2ddc
_cLIBROS
945 _apjha
_d2019-04-25